| 000 | 00740nam a2200217 i 4500 | ||
|---|---|---|---|
| 001 | 106053 | ||
| 003 | ES-MaACL | ||
| 005 | 20230906184038.0 | ||
| 007 | t| | ||
| 008 | 060922s1963 sp ||||1| spa d | ||
| 080 | _a821.134.2.09"19" | ||
| 100 | 1 |
_aMarra-Lopez, José Ramón. _9185150 |
|
| 245 | 1 | 0 |
_aNarrativa española fuera de España : _b(1939-1961) / _cJosé R. Marra-López. |
| 260 |
_aMadrid : _bGuadarrama, _c[1963] |
||
| 300 |
_a539 p., 8 lám. ; _c19 cm. |
||
| 490 | 1 |
_aGuadarrama de crítica y ensayo ; _v39 |
|
| 650 | 1 | 4 |
_aProsa española- _yS.XX- _vHistoria y crítica. _916504 |
| 830 | 1 |
_aGuadarrama de crítica y ensayo ; _v39 _9182728 |
|
| 852 | 4 |
_aES-MaACL _jAND-718 _z- Biblioteca Juan Andrade |
|
| 999 |
_c106053 _d106053 |
||